Sang harimau menyesal : jangan bersangka buruk

Bibliographic Details
Format: Book
Published: Selangor : Kiddibird
Series:Teladan rimba
Subjects:

MARC

LEADER 00000cam a2200000 7i4500
001 0000003729
005 20220105103950.0
008 070719
020 |a 9831780027 
090 0 0 |a JP   |b MOR MAL (3364) 
245 0 0 |a Sang harimau menyesal :   |b jangan bersangka buruk 
260 |a Selangor :   |b Kiddibird 
440 0 |a Teladan rimba 
500 |a Children age 4-6 years old (yellow) 
650 0 |a Junior preschool   |x Malay   |x Languages 
650 0 |a Moral 
999 |a 0000975075   |b Book   |c Children Collection   |e Perbadanan Perpustakaan Awam Johor 
999 |a 0000975077   |b Book   |c Children Collection   |e Perbadanan Perpustakaan Awam Johor 
999 |a 0000975078   |b Book   |c Children Collection   |e Perbadanan Perpustakaan Awam Johor 
999 |a 0000975079   |b Book   |c Children Collection   |e Perbadanan Perpustakaan Awam Johor 
999 |a 0001129193   |b Book   |c Children Collection   |e Cawangan Tmn. Ungku Tun Aminah